A Textbook of Engineering Physics/ (Record no. 1597)
[ view plain ]
| 000 -LEADER | |
|---|---|
| fixed length control field | 00611nam a22001697a 4500 |
| 005 - DATE AND TIME OF LATEST TRANSACTION | |
| control field | 20241127114131.0 |
| 008 - FIXED-LENGTH DATA ELEMENTS--GENERAL INFORMATION | |
| fixed length control field | 241127b |||||||| |||| 00| 0 eng d |
| 020 ## - INTERNATIONAL STANDARD BOOK NUMBER | |
| International Standard Book Number | 9788121908177 |
| 050 ## - LIBRARY OF CONGRESS CALL NUMBER | |
| Classification number | QC32 AVA |
| 100 ## - MAIN ENTRY--PERSONAL NAME | |
| Personal name | Avadhanulu, M. N. |
| 245 ## - TITLE STATEMENT | |
| Title | A Textbook of Engineering Physics/ |
| Remainder of title | for the students of B.E/B.Tech,B. Arch.,B.Sc,A.M.I.E. and other competitive examinations |
| Statement of responsibility, etc. | M. N. Avadhanulu & P. G. Kshirsagar |
| 250 ## - EDITION STATEMENT | |
| Edition statement | 9th ed. |
| Remainder of edition statement | revised |
| 260 ## - PUBLICATION, DISTRIBUTION, ETC. | |
| Place of publication, distribution, etc. | Ram Nagar, New Delhi |
| Name of publisher, distributor, etc. | S. Chand & Company Ltd. |
| Date of publication, distribution, etc. | 2008 |
| 300 ## - PHYSICAL DESCRIPTION | |
| Extent | xiv.758p. |
| Other physical details | ill. |
| Dimensions | 24cm |
| 700 ## - ADDED ENTRY--PERSONAL NAME | |
| Personal name | Kshirsagar, P. G. |
| 942 ## - ADDED ENTRY ELEMENTS (KOHA) | |
| Source of classification or shelving scheme | Library of Congress Classification |
| Koha item type | Books |
| Edition | 9th ed. |
| Suppress in OPAC | No |
| 999 ## - | |
| -- | 1597 |
| -- | 1597 |
| Withdrawn status | Lost status | Source of classification or shelving scheme | Damaged status | Not for loan | Collection | Home library | Current library | Shelving location | Date acquired | Total checkouts | Full call number | Barcode | Date last seen | Copy number | Price effective from | Koha item type |
|---|---|---|---|---|---|---|---|---|---|---|---|---|---|---|---|---|
| Library of Congress Classification | Non-fiction | Science Library (Miotso) | Science Library (Miotso) | General stacks | 11/27/2024 | QC32 AVA | SLM00000908 | 11/27/2024 | 1 | 11/27/2024 | Books | |||||
| Library of Congress Classification | Non-fiction | Science Library (Miotso) | Science Library (Miotso) | General stacks | 11/27/2024 | QC32 AVA | SLM00000909 | 11/27/2024 | 2 | 11/27/2024 | Books | |||||
| Library of Congress Classification | Non-fiction | Science Library (Miotso) | Science Library (Miotso) | General stacks | 11/27/2024 | QC32 AVA | SLM00000910 | 11/27/2024 | 3 | 11/27/2024 | Books | |||||
| Library of Congress Classification | Non-fiction | Science Library (Miotso) | Science Library (Miotso) | General stacks | 11/27/2024 | QC32 AVA | SLM00000911 | 11/27/2024 | 4 | 11/27/2024 | Books | |||||
| Library of Congress Classification | Non-fiction | Science Library (Miotso) | Science Library (Miotso) | General stacks | 11/27/2024 | QC32 AVA | SLM00000912 | 11/27/2024 | 5 | 11/27/2024 | Books | |||||
| Library of Congress Classification | Non-fiction | Science Library (Miotso) | Science Library (Miotso) | General stacks | 11/27/2024 | QC32 AVA | SLM00000913 | 11/27/2024 | 6 | 11/27/2024 | Books |